000 00267nam a2200121Ia 4500
008 221030s9999 xx 000 0 und d
041 _aEnglish
100 _aA. Kahate
245 0 _aInformation Technology
_cby A. Kahate
260 _c0
650 _aMc
942 _cBK
999 _c17573
_d17573